000 01240cas a2200349 a 4500
001 data
005 20260322212119.0
008 data
010 _a 70923272
035 _a(OCoLC)9163055
040 _aDLC
_beng
_cDLC
_dOCLCL
_dDLC
_dOCLCQ
_dOCLCF
_dOCLCO
_dOCLCQ
_dOCLCL
042 _apcc
050 0 0 _aPK2598.A2
_bT725
245 0 0 _aTriśūlī.
260 _a[Kathmandu, Nepal?] :
_bPa. 1 Nam. Svatantra Vidyārthī Yūniyana,
_c[2028? i.e. 1971?-
300 _avolumes ;
_c22 cm
336 _atext
_btxt
_2rdacontent
337 _aunmediated
_bn
_2rdamedia
338 _avolume
_bnc
_2rdacarrier
362 0 _aVarsha 1, chāla 1 (Vaiśākha 028 [Apr./May 1971])-
546 _aIn Nepali.
650 0 _aNepali literature.
650 0 _aNewari literature.
650 0 _aTamang literature.
650 7 _aNepali literature.
_2fast
_0(OCoLC)fst01035954
650 7 _aNewari literature.
_2fast
_0(OCoLC)fst01036973
650 7 _aTamang literature.
_2fast
_0(OCoLC)fst01745566
710 2 _aPa. 1 Nam. Svatantra Vidyārthī Yūniyana (Nepal)
_1https://id.oclc.org/worldcat/entity/E39QH7JmqHqwDH8b4WjV9BTYqF
906 _a7
_bcbc
_cserials
_d4
_encip
_f19
_gn-oclcserc
991 _bc-Asian
_hPK2598.A2
_iT725
_mNep
_wSERIALS
999 _c1803
_d1803